000 00535nam a2200181Ia 4500
003 GCL
005 20240530105311.0
008 140319s9999 xx 000 0 ara d
040 _aGCL /
_cGCL
082 0 4 _a928.1
_bا ب
100 1 _aاحسان عباس
245 1 0 _aبدر شاكر السياب : دراسة فى حياته وشعره /
_cاحسان عباس
260 _a[S.N] :
_bدار الثقافة العربية ،
_c1983
300 _a426
650 0 4 _aالادباء
650 0 4 _aبدر شاكر
942 _2ddc
_cBK
999 _c54737
_d54737